Word Ladder: Gemstones Quiz Stats

 Plays Quiz Updated May 19, 2013

Support Sporcle.
Go Orange.
Score 0/33 Timer 03:00
1 Play Today
Clue 4-Letter Word % Correct
Farm buildingBARN
94.2%
A rabbit relativeHARE
93.1%
UnclothedBARE
92.7%
Ken or Barbie, e.g.DOLL
92.4%
Beachy gritSAND
91.6%
Capital of SwitzerlandBERN
88.8%
Of sound mindSANE
87.1%
Lima or string, e.g.BEAN
86.7%
Italy-shaped footwareBOOT
85.6%
Fireplace residueSOOT
85%
UnsharpDULL
85%
It leaks out of a runny noseSNOT
85%
Lacking in mannersRUDE
83.4%
◇ An iridescent rounded gem ◇◇ OPAL ◇
83%
Of the mouthORAL
81.2%
ImbecileDOLT
77.3%
Unit of lightningBOLT
77.3%
Clue 4-Letter Word % Correct
◇ A usually green polished stone ◇◇ JADE ◇
76.4%
◇ A red corundum ◇◇ RUBY ◇
73.9%
Book of the New TestamentJUDE
73.3%
Nigerian-born pop singerSADE
71.7%
Like diamond, on the Mohs ScaleHARD
71.5%
Cereal grainBRAN
66.2%
A country yokelRUBE
65.3%
◇ A reddish-brown chalcedony ◇◇ SARD ◇
62.7%
Algerian port cityORAN
60.2%
◇ A black gemstone ◇◇ ONYX ◇
52.5%
Obedient or orderlyRULY
47.1%
A state of agitationSNIT
46.9%
ProperlyDULY
46.9%
Pokémon that's a chain of bouldersONIX
36%
Randy Johnson: 'The Big ___'UNIT
34.5%
Operating system since 1969UNIX
31.3%

Today's Daily Dose

Missing Word
90s UK #1s

Word Ladder
Full Score

Quick Pick
Prime Books

Get the Picture
Big 4 'P' All-Stars

From the Vault

FIFA World Rankings Since 1993

by imabanana

Sports 6m
Since FIFA rankings began in 1993, only 7 different teams have held the top rank. None of them are named USA.
Remove Ads.
Support Sporcle.
Get the best of Sporcle when you Go Orange. This ad-free experience offers more features, more stats, and more fun while also helping to support Sporcle. Thank you for becoming a member.

Show Comments

Extras

Top Quizzes Today


Score Distribution

Your Account Isn't Verified!

In order to create a playlist on Sporcle, you need to verify the email address you used during registration. Go to your Sporcle Settings to finish the process.

Report this User

Report this user for behavior that violates our Community Guidelines.

Details: